Edificios para enseñanzas profesionales : talleres-escuelas, escuelas de formación profesional, centros de capacitación /

Obra donde se presentan los planos arquitectónicos de diversas escuelas, universidades, talleres y centros educativos del mundo, con los nombres de los arquiectos e ingenieros que estuvieron a cargo del proyecto, una descripción funcional del inmueble y los datos técnicos básicos de construcción.

Salvato in:
Dettagli Bibliografici
Autore principale: Wild, Friedemann (autor)
Natura: Libro
Lingua:spagnolo
Pubblicazione: México : Gustavo Gili, 1982, c1982
Edizione:3a edición
Serie:(Proyecto y Planificación ; 5)
Soggetti:
Tags: Aggiungi Tag
Nessun Tag, puoi essere il primo ad aggiungerne!!

MARC

LEADER 00000nam^a2200000^a^4500
001 000183790
005 20250521000000.0
009 20260310102051.619
020 |a 968-6085-50-5 
037 |a Acervo ITESO - Biblioteca 
041 |a ESP 
082 |a 727.  |b WIL 
100 |a Wild, Friedemann  |e (autor) 
245 1 0 |a Edificios para enseñanzas profesionales :  |b talleres-escuelas, escuelas de formación profesional, centros de capacitación /  |c W. Friedemann ; redacción de Ingeborg Nebel ; tr. por Francisco García de Paredes. 
250 |a 3a edición 
264 4 |a México :  |b Gustavo Gili,  |c 1982, c1982 
300 |a 132 p. 
336 |a texto  |b txt  |2 rdacontenido 
337 |a sin mediación  |b n  |2 rdamedio 
338 |a volumen  |b nc  |2 rdasoporte 
440 1 |a (Proyecto y Planificación ;  |v 5) 
500 |a Traducción de: Bauten für Berufsausbildung. Lehrwerkstätten, Berufsfachschulen, Trainingszentren 
520 |a Obra donde se presentan los planos arquitectónicos de diversas escuelas, universidades, talleres y centros educativos del mundo, con los nombres de los arquiectos e ingenieros que estuvieron a cargo del proyecto, una descripción funcional del inmueble y los datos técnicos básicos de construcción. 
649 |a XX 
650 |a Escuelas 
650 |a Universidades 
650 |a Planos Arquitectónicos 
650 |a Diseño Arquitectónico 
650 |a Arquitectura 
910 |a Fondo General 
920 |a Impresos - Libros 
930 |a Colección General 
905 |a 101 
901 |a 0500124566  |b IT1  |c ACC  |u 20250521 
902 |a https://opac.biblio.iteso.mx/vufind/Record/000183790